00339nam a2200145Ia 4500008004100000020001800041082000800059100002000067245002000087250000600107260003000113300001000143500002400153650001600177230524s9999 xx 000 0 und d a9780143067078 bNIL aNandan Nilekani 0aImagining India a1 a New DelhibPenguinc2009 a531p; aQuantity Number: 1 aMisalliance